Un muchacho de buen temple / (Registro nro. 30724)

Detalles MARC
000 -LÍDER
campo de control de longitud fija 00820nam a22002537a 4500
005 - FECHA Y HORA DE LA ÚLTIMA
campo de control 20240402153622.0
008 - ELEMENTOS DE DATOS DE LONGITUD FIJA - INFORMACIÓN GENERAL
campo de control de longitud fija 240402b |||||||| |||| 00| 0 eng d
020 ## - NÚMERO INTERNACIONAL NORMALIZADO DEL LIBRO
Número de libro estándar internacional 8475302742
037 ## - FUENTE DE ADQUISICIÓN
Materials specified Donación
040 ## - FUENTE DE CATALOGACIÓN
Agencia de catalogación original CO-JMCR
Agencia de transcripción CO-JMCR
Agencia modificadora CO-JMCR
Convenciones de descripción rda
041 ## - CÓDIGO DE IDIOMA
Código de idioma del texto/pista de sonido o título independiente spa
082 ## - NÚMERO DE CLASIFICACIÓN DECIMAL DEWEY
Número de clasificación A-N
Número de artículo BJOm
100 ## - ENTRADA PRINCIPAL - NOMBRE PERSONAL
Término relativo autor
Nombre personal Björnson, Björnstjerne
9 (RLIN) 43615
245 ## - DECLARACIÓN DEL TÍTULO
Título Un muchacho de buen temple /
Declaración de responsabilidad, etc. Björnstjerne Björnson
260 ## - PUBLICACIÓN, DISTRIBUCIÓN, ETC.
Lugar de publicación, distribución, etc. Bogotá
Nombre del editor, distribuidor, etc. Ediociones Orbis, S.A.
300 ## - DESCRIPCIÓN FÍSICA
Medida 142 páginas
Dimensiones 20 cm
586 ## - NOTA DE PREMIOS
Nota de premios Premio Nobel de Literatura 1903
650 ## - ENTRADA AÑADIDA DE ASUNTO - TÉRMINO TEMÁTICO
Fuente del encabezado o término JMCR
-- Novela noruega
9 (RLIN) 13912
650 ## - ENTRADA AÑADIDA DE ASUNTO - TÉRMINO TEMÁTICO
Fuente del encabezado o término JMCR
-- Literatura noruega
9 (RLIN) 13915
650 ## - ENTRADA AÑADIDA DE ASUNTO - TÉRMINO TEMÁTICO
Fuente del encabezado o término JMCR
-- Vida cotidiana en la literatura
650 ## - ENTRADA AÑADIDA DE ASUNTO - TÉRMINO TEMÁTICO
Fuente del encabezado o término JMCR
-- Adolescencia en la literatura
9 (RLIN) 43616
700 ## - ENTRADA AGREGADA - NOMBRE PERSONAL
Nombre personal Lleonart José
Término relativo traductor
9 (RLIN) 43617
942 ## - ELEMENTOS DE ENTRADA AÑADIDOS (KOHA)
Source of classification or shelving scheme Dewey Decimal Classification
Tipo de artículo Koha Books
999 ## -
-- 30724
-- 17108
Existencias
Estado retirado